Countries Mahmoud Abbas has Visited - Statistics

General Stats
  • This quiz has been taken 49 times
    4 since last reset
  • The average score is 15 of 33
Answer Stats
Continent Country % Correct
Asia China
100%
Europe France
100%
Asia Japan
100%
Africa Algeria
67%
Asia Bahrain
67%
Africa Egypt
67%
Europe Germany
67%
Asia India
67%
Asia Iraq
67%
Asia Jordan
67%
Asia/ Europe Russia
67%
Europe Spain
67%
Europe Finland
33%
Asia Italy
33%
Asia Kuwait
33%
Asia Lebanon
33%
Africa Libya
33%
Africa Morocco
33%
Europe Norway
33%
Asia Pakistan
33%
Asia Qatar
33%
Asia Saudi Arabia
33%
Africa South Africa
33%
Africa Sudan
33%
Asia Syria
33%
Africa Tunisia
33%
Asia/ Europe Turkey
33%
Asia United Arab Emirates
33%
North America United States of America
33%
Asia Yemen
33%
Asia Kazakhstan
0%
Europe Romania
0%
Africa Tanzania
0%
No matching quizzes found
Score Distribution
Percent of People with Each Score
Percentile by Number Answered
Your Score History
You have not taken this quiz since the last reset